| 000 | 00471nam a2200169Ia 4500 | ||
|---|---|---|---|
| 003 | LK-CoDNM | ||
| 008 | 010623t2004 xxu||||| |||| 00| 1 sin d | ||
| 040 |
_aLK-CoDNM _dLK-CoDNM _eLK-CoDNM |
||
| 041 | _asin | ||
| 080 | _a911 RATHANA | ||
| 100 | _aRathanajothi Thero, Mudalakkuliye | ||
| 245 | _aදඹදිව වන්දනා ගමන්මඟ | ||
| 246 | _aDambadiva Vandana Gaman Maga | ||
| 260 |
_bSara _aKottawa _c2004 |
||
| 300 | _b16p, 21 cm | ||
| 942 | _cBK | ||
| 999 |
_c123775 _d123775 |
||